LEADER 02257nam 2200529 a 450 001 9910458582403321 005 20200520144314.0 010 $a93-5044-103-9 010 $a1-4416-9693-8 035 $a(CKB)2560000000052471 035 $a(EBL)618251 035 $a(OCoLC)784881245 035 $a(SSID)ssj0000672076 035 $a(PQKBManifestationID)11385278 035 $a(PQKBTitleCode)TC0000672076 035 $a(PQKBWorkID)10643881 035 $a(PQKB)11568394 035 $a(MiAaPQ)EBC618251 035 $a(Au-PeEL)EBL618251 035 $a(CaPaEBR)ebr10415986 035 $a(EXLCZ)992560000000052471 100 $a20100928d2006 uy 0 101 0 $aeng 135 $aurcn||||||||| 181 $ctxt 182 $cc 183 $acr 200 10$aArt of editing$b[electronic resource] /$fby Manohar Puri 210 $aNew Delhi $cPragun Publications$d2006 215 $a1 online resource (411 p.) 300 $aDescription based upon print version of record. 311 $a81-89645-21-8 320 $aIncludes bibliographical references (p. [383]-388) and index. 327 $aCOVER; CONTENTS; PREFACE; INTRODUCTION; SKILL FOR EDITING; EDITORIAL EXPRESSION; EDITOR'S QUALITIES; EDITOR AND COLLEAGUES; NEWS EDITOR'S JOB; EDITORIAL ETHICS; BIBLIOGRAPHY; INDEX 330 $aEditing is an art and it`s not everyone`s cup of tea. One has to have an extra eye to make out a seemingly right sentence, with a serious mistake deeply buried in it. A person drinking from the jar of editing should be equipped with the particular skill and up to date knowledge of his area of work. He should be innovative and creative, with always pursing fresh vistas of knowledge, through all the sources available. An editor is a person, who makes addition and edition is a person, who makes addition and edition on a well-written piece of literature, very often by renowned literary personalitie 606 $aJournalism$xEditing 608 $aElectronic books. 615 0$aJournalism$xEditing. 676 $a070.4/1 700 $aPuri$b Manohar$0891098 801 0$bMiAaPQ 801 1$bMiAaPQ 801 2$bMiAaPQ 906 $aBOOK 912 $a9910458582403321 996 $aArt of editing$92084707 997 $aUNINA LEADER 01269nam0-22004331i-450 001 990000820450403321 005 20220726141331.0 010 $a88-7989-656-3 035 $a000082045 035 $aFED01000082045 035 $a(Aleph)000082045FED01 100 $a20020821d2001----km-y0itay50------ba 101 0 $aita 102 $aIT 105 $aa-------001yy 200 1 $a<>grande ricostruzione$eil piano Ina-Casa e l'Italia degli anni cinquanta$fa cura di Paola Di Biagi 210 $aRoma$cDonzelli$d2001 215 $aXXVI, 502 p. , [9] p. di tav.$cill.$d23 cm 225 1 $aSaggi$iStoria e scienze sociali 610 0 $aDopoguerra$aEdilizia popolare$aIna Casa 676 $a363.5850945 702 1$aDi Biagi,$bPaola 801 0$aIT$bUNINA$gRICA$2UNIMARC 901 $aBK 912 $a990000820450403321 952 $aB 658 CAN$bs.i.$fDARPU 952 $aE II 26$b03795$fDINST 952 $aVII B 133$b38219$fFSPBC 952 $a2478 sez. Andriello$b2478$fDARPU 952 $aURB.LE B 1860$b12202$fFARBC 952 $a10.875$b4816$fDARST 952 $aCAN 64$bs.i.$fDINST 959 $aDARPU 959 $aDINST 959 $aFSPBC 959 $aFARBC 959 $aDARST 996 $aGrande ricostruzione$9347071 997 $aUNINA